Структурные изменения в стали 12ГБА в процессе теплой прокатки и сопротивление хрупкому разрушению при отрицательных температурах; Металловедение и термическая обработка металлов; № 11 (749)
| Parent link: | Металловедение и термическая обработка металлов.— , 1955- № 11 (749).— 2017.— [С. 48-55] |
|---|---|
| Autor Corporativo: | |
| Outros autores: | , , , |
| Summary: | Заглавие с экрана Исследовано влияние теплой прокатки при 750 - 550 °C на структуру и механические свойства низкоуглеродистой стали 12ГБА. Проведен металлографический анализ с использованием световой, электронной растровой и просвечивающей микроскопии. Определены прочностные и пластические свойства стали при испытании на растяжение в интервале температур от 20 °C до - 196 °C. Показано положительное влияние предложенного режима теплой прокатки на структуру и комплекс механических свойств стали 12ГБА. Режим доступа: по договору с организацией-держателем ресурса |
| Idioma: | ruso |
| Publicado: |
2017
|
| Subjects: | |
| Acceso en liña: | https://www.elibrary.ru/item.asp?id=30621979 |
| Formato: | MixedMaterials Electrónico Capítulo de libro |
| KOHA link: | https://koha.lib.tpu.ru/cgi-bin/koha/opac-detail.pl?biblionumber=664857 |
MARC
| LEADER | 00000naa0a2200000 4500 | ||
|---|---|---|---|
| 001 | 664857 | ||
| 005 | 20250123141705.0 | ||
| 035 | |a (RuTPU)RU\TPU\network\36042 | ||
| 035 | |a RU\TPU\network\35465 | ||
| 090 | |a 664857 | ||
| 100 | |a 20210524d2017 k||y0rusy50 ca | ||
| 101 | 0 | |a rus | |
| 102 | |a RU | ||
| 135 | |a drnn ---uucaa | ||
| 181 | 0 | |a i | |
| 182 | 0 | |a b | |
| 200 | 1 | |a Структурные изменения в стали 12ГБА в процессе теплой прокатки и сопротивление хрупкому разрушению при отрицательных температурах |d Structural Changes in Steel 12GBA During Warm Rolling and Resistance to Brittle Fracture at Negative Temperatures |f Л. С. Деревягина, А. В. Корзников, Н. С. Сурикова, А. И. Гордиенко | |
| 203 | |a Текст |c электронный | ||
| 300 | |a Заглавие с экрана | ||
| 320 | |a [Библиогр.: 17 назв.] | ||
| 330 | |a Исследовано влияние теплой прокатки при 750 - 550 °C на структуру и механические свойства низкоуглеродистой стали 12ГБА. Проведен металлографический анализ с использованием световой, электронной растровой и просвечивающей микроскопии. Определены прочностные и пластические свойства стали при испытании на растяжение в интервале температур от 20 °C до - 196 °C. Показано положительное влияние предложенного режима теплой прокатки на структуру и комплекс механических свойств стали 12ГБА. | ||
| 333 | |a Режим доступа: по договору с организацией-держателем ресурса | ||
| 461 | |t Металловедение и термическая обработка металлов |d 1955- | ||
| 463 | |t № 11 (749) |v [С. 48-55] |d 2017 | ||
| 510 | 1 | |a Structural Changes in Steel 12GBA During Warm Rolling and Resistance to Brittle Fracture at Negative Temperatures |z eng | |
| 610 | 1 | |a электронный ресурс | |
| 610 | 1 | |a труды учёных ТПУ | |
| 610 | 1 | |a низкоуглеродистые стали | |
| 610 | 1 | |a морфология | |
| 610 | 1 | |a цементит | |
| 610 | 1 | |a текстура | |
| 610 | 1 | |a прочность | |
| 610 | 1 | |a пластичность | |
| 610 | 1 | |a микромеханизмы | |
| 701 | 1 | |a Деревягина |b Л. С. |g Людмила Сергеевна | |
| 701 | 1 | |a Корзников |b А. В. |g Александр Вениаминович | |
| 701 | 1 | |a Сурикова |b Н. С. |g Наталья Сергеевна | |
| 701 | 1 | |a Гордиенко |b А. И. |c специалист в области материаловедения |c доцент Томского политехнического университета, кандидат технических наук |f 1982- |g Антонина Ильдаровна |3 (RuTPU)RU\TPU\pers\46860 |9 22482 | |
| 712 | 0 | 2 | |a Национальный исследовательский Томский политехнический университет |b Инженерная школа новых производственных технологий |b Отделение материаловедения |3 (RuTPU)RU\TPU\col\23508 |
| 801 | 2 | |a RU |b 63413507 |c 20210524 |g RCR | |
| 856 | 4 | |u https://www.elibrary.ru/item.asp?id=30621979 | |
| 942 | |c CF | ||